00669nam a2200205Ia 4500003000900000008004100009020001800050040001600068080002200084245015700106260003600263300001800299650001800317650002300335650002000358650002100378700002100399700002100420700002200441IN-BaIIA211028s9999 xx 000 0 eng d a0-8243-1550-2 cIIA Library a(05)539.1bANN-50 0aAnnual review of nuclear and particle sciencebvol. 50cedited by Chris Quigg, Vera Luth and Peter Paul  aPalo AltobAnnual Reviewsc2000 axxxvii, 762p. aAnnual review aElementary physics aNuclear physics aParticle physics aLuth, Vera, ed.  aPaul, Peter, ed. aQuigg, Chris, ed.